| 000 | 01033nam a22002177a 4500 | ||
|---|---|---|---|
| 005 | 20100731150541.0 | ||
| 010 | _aHIN-89909 | ||
| 020 | _c150.00 | ||
| 035 | _aHN-62255 | ||
| 037 | _bDBAD/PUB | ||
| 082 | _a823.09 | ||
| 100 |
_aशर्मा, जानकीप्रसाद _93514 |
||
| 245 |
_aकहानी का वर्तमान / _cजानकीप्रसाद शर्मा |
||
| 246 |
_aKahani Ka Vartman _bby Janaki Prasad Sharma |
||
| 260 |
_aदिल्ली _bराजसूर्य प्रकाशन _c2000 |
||
| 270 |
_aडी ब्लाक, 2/41-ए, गांवडी एक्सटेंशन, भजनपुरा _bदिल्ली _e110053 |
||
| 300 |
_a151पृ. _c22सेमी (सजिल्द) |
||
| 700 | _91054 | ||
| 942 |
_2ddc _cHN _h823.09 _mशर्माजा |
||
| 999 |
_c38446 _d38446 |
||